LEADER 01197nam--2200373---4500 001 990000595770203316 005 20090211143055.0 010 $a88-324-6164-1 035 $a0059577 035 $aUSA010059577 035 $a(ALEPH)000059577USA01 035 $a0059577 100 $a20010828d1991----km-y0ENGy0103----ba 101 $aita 102 $aIT 200 1 $a<> leasing immobiliare$easpetti giuridici, finanziari, fiscali e contabili$eprospettive di sviluppo in Italia$fGiorgio Fossati 210 $aMilano$cPirola$d1991 215 $aVIII, 207 p.$d24 cm 225 2 $aPirola azienda$iAmministrazione, finanza, controllo 410 $12001$aPirola azienda$iAmministrazione, finanza, controllo 606 $aLeasing 676 $a658.15 700 1$aFOSSATI,$bGiorgio$074307 801 0$aIT$bsalbc$gISBD 912 $a990000595770203316 951 $a658.15 FOS 1 (IRA 36 3)$b254 EC$cIRA 36$d00012890 959 $aBK 969 $aECO 979 $aPATRY$b90$c20010828$lUSA01$h1724 979 $c20020403$lUSA01$h1709 979 $aPATRY$b90$c20040406$lUSA01$h1641 979 $aRSIAV2$b90$c20090211$lUSA01$h1430 996 $aLeasing immobiliare$9883094 997 $aUNISA LEADER 01276nam 2200433 450 001 9910820796303321 005 20200923020339.0 010 $a1-910419-27-3 010 $a1-910419-28-1 035 $a(CKB)4330000000072282 035 $a(MiAaPQ)EBC5092538 035 $a(Au-PeEL)EBL5092538 035 $a(CaPaEBR)ebr11451423 035 $a(OCoLC)1006417107 035 $a(EXLCZ)994330000000072282 100 $a20171109h20162016 uy 0 101 0 $aeng 135 $aurcnu|||||||| 181 $2rdacontent 182 $2rdamedia 183 $2rdacarrier 200 00$aAdvances and challenges in oral delivery of macromolecules /$feditors Greg Russell-Jones 210 1$aLondon, England :$cFuture Science Ltd,$d2016. 210 4$d2016 215 $a1 online resource (171 pages) $ccolor illustrations 225 1 $aFuture Science,$x2047-332X 311 $a1-910419-26-5 320 $aIncludes bibliographical references. 410 0$aFuture science. 606 $aMacromolecules 615 0$aMacromolecules. 676 $a547.7 801 0$bMiAaPQ 801 1$bMiAaPQ 801 2$bMiAaPQ 906 $aBOOK 912 $a9910820796303321 996 $aAdvances and challenges in oral delivery of macromolecules$94010032 997 $aUNINA